000 00619nam a22001817a 4500
999 _c194519
_d194519
005 20221227150642.0
010 _aENG- 135952
020 _a9789354791802
_c750.00
035 _aEN-119484
037 _bDBAD/PUB
082 _a330
100 _aDas, Satya P
245 _aManagerial Economics/
_cby Satya P. Das and J.k.Goyal
260 _aNew Delhi
_bSage publications india pvt ltd
_c2022
270 _aB1/1-1 Mohan cooperative industrial area Mathura road
_bNew Delhi
_e110044
300 _axxv,vp
_bAppendix, Partial answers to select questions,index
_c23cm(pbk)
942 _2ddc
_cEN
_mDAS
_h330